00682nam a2200241 a 4500001001300000003000900013005001700022008004100039020002300080082001300103100001800116245003300134260003600167300000900203500003500212505001000247650001700257700001800274902000800292942000700300952011600307999001700423nice12345678IN_TiNIC20260116015025.0050524s1990 kena grp 000 0 eng  a1854241 c10000a232bWRI aWright, Chris aWhat`s So Unique About Jesus aKentbMonarch Publicationc1990 a125p aincludes index and biblioraphy2 aIndex aJesus Christ1 aWright, Chris bSRS cBK 001040708StackRoom-aHMIbHMId2007-06-18g100.00l0o232 WRIp11000278r2007-06-18v100.00w2005-05-24yBK c17988d17988